Laws of the Republic of Uganda 2000 Vol. 1 Chapters 1 - 3 / (Record no. 2317)

MARC details
000 -LEADER
fixed length control field 02346cam a2200421 a 4500
001 - CONTROL NUMBER
control field 13929156
003 - CONTROL NUMBER IDENTIFIER
control field OSt
005 - DATE AND TIME OF LATEST TRANSACTION
control field 20110602104011.0
008 - FIXED-LENGTH DATA ELEMENTS--GENERAL INFORMATION
fixed length control field 040401s2000 ug l 001 0 eng
010 ## - LIBRARY OF CONGRESS CONTROL NUMBER
LC control number 2005327015
035 ## - SYSTEM CONTROL NUMBER
System control number (DLC) 2005327015
040 ## - CATALOGING SOURCE
Original cataloging agency DLC
Transcribing agency DLC
Modifying agency DLC
042 ## - AUTHENTICATION CODE
Authentication code lcode
043 ## - GEOGRAPHIC AREA CODE
Geographic area code f-ug---
050 00 - LIBRARY OF CONGRESS CALL NUMBER
Classification number KTW1.9
Item number 2000
082 00 - DEWEY DECIMAL CLASSIFICATION NUMBER
Classification number 348.6761
Edition number 22
110 1# - MAIN ENTRY--CORPORATE NAME
Corporate name or jurisdiction name as entry element Uganda.
9 (RLIN) 554
240 10 - UNIFORM TITLE
Uniform title <a href="Laws, etc. (Laws of the Republic of Uganda)">Laws, etc. (Laws of the Republic of Uganda)</a>
245 10 - TITLE STATEMENT
Title Laws of the Republic of Uganda 2000 Vol. 1 Chapters 1 - 3 /
250 ## - EDITION STATEMENT
Edition statement Rev. ed. _
260 ## - PUBLICATION, DISTRIBUTION, ETC. (IMPRINT)
Place of publication, distribution, etc [Kampala? :
Name of publisher, distributor, etc s.n.],
Date of publication, distribution, etc 2000.
300 ## - PHYSICAL DESCRIPTION
Extent 24 v. ;
Dimensions 28 cm.
500 ## - GENERAL NOTE
General note "Prepublication copy."
500 ## - GENERAL NOTE
General note Includes index.
505 0# - FORMATTED CONTENTS NOTE
Formatted contents note v. 1. Preliminary matter : chapter 13 -- v. 2. Chapters 14-46 -- v. 3. Chapters 47-70 -- v. 4. Chapters 71-75 -- v. 5. Chapters 76-87 -- v. 6. Chapters 88-102 -- v. 7. Chapters 103-110 -- v. 8. 111-141 -- v. 9. Chapters 142-149 -- v. 10. Chapters 150-152 -- v. 11. Chapters 152-164 -- v. 12. Chapters 165-200 -- v. 13. Chapters 201-219 -- v. 14. Chapters 220-225 -- v. 15. Chapters 226-242 -- v. 16. Chapter 243 -- v. 17. Chapters 243-265 -- v. 18. Chapters 266-280 -- v. 19. Chapter 281 -- v. 20. Chapters 282-303 -- v. 21. Chapters 304-310 -- v. 22. Chapters 311-353 -- v. 23. Chapters 354-361 -- v. 24. Chapters 361-364 : East African statutory instruments index.
650 #0 - SUBJECT ADDED ENTRY--TOPICAL TERM
Topical term or geographic name as entry element Law
Geographic subdivision Uganda.
9 (RLIN) 5087
700 1# - ADDED ENTRY--PERSONAL NAME
Personal name Nsanze, Vastina Rukimirana.
9 (RLIN) 5082
700 1# - ADDED ENTRY--PERSONAL NAME
Personal name Bateson, Ann L.
9 (RLIN) 5083
906 ## - LOCAL DATA ELEMENT F, LDF (RLIN)
a 7
b cbc
c origode
d 2
e ncip
f 20
g y-gencatlg
942 ## - ADDED ENTRY ELEMENTS (KOHA)
Source of classification or shelving scheme Dewey Decimal Classification
Koha item type Reference
Holdings
Withdrawn status Lost status Source of classification or shelving scheme Damaged status Not for loan Home library Current library Shelving location Date acquired Total Checkouts Full call number Barcode Date last seen Price effective from Koha item type
    Dewey Decimal Classification     Law Development Centre Main Library Law Development Centre Main Library Reference 06/02/2011   348.6761 2011/1703 06/02/2011 06/02/2011 Reference
    Dewey Decimal Classification     Law Development Centre Main Library Law Development Centre Main Library Reference 06/02/2011   348.6761 2011/1704 06/02/2011 06/02/2011 Reference
    Dewey Decimal Classification     Law Development Centre Main Library Law Development Centre Main Library Reference 06/02/2011   348.6761 2011/1705 06/02/2011 06/02/2011 Reference
    Dewey Decimal Classification     Law Development Centre Main Library Law Development Centre Main Library Reference 06/02/2011   348.6761 2011/1706 06/02/2011 06/02/2011 Reference
    Dewey Decimal Classification     Law Development Centre Main Library Law Development Centre Main Library Reference 06/02/2011   348.6761 2011/1707 06/02/2011 06/02/2011 Reference
    Dewey Decimal Classification     Law Development Centre Main Library Law Development Centre Main Library Reference 06/02/2011   348.6761 2011/1708 06/02/2011 06/02/2011 Reference